• 首页
  • 本馆介绍
  • 公告通知
  • 最新文献
  • 馆藏检索
  • 电子资源
  • 读者导购
  • 参考咨询
  • 我的图书馆
  • 登录
  • 详细信息显示
  • 放入我的书架
  • 预约/预借图书
  • 作者相关作品
  • 分类相关作品
  • 丛书相关作品
  • 出版社相关作品

书目信息

  • 表格格式
  • 工作单格式
  • 卡片格式
题名:
国际投资学
    
 
作者: 任淮秀 , 汪昌云 主编
分册:  
出版信息: 北京   中国人民大学出版社  1992
页数: 440页
开本: 23cm
丛书名:
单 册:
中图分类: F831.6
科图分类:
主题词: 对外投资 , 对外投资--高等学校--教材
电子资源:
ISBN: 7-300-06696-8
000 01033nam0 2200289 450
000 01044nam0 2200289 450
000 00975nam0 2200265 450
000 00939nam0 2200253 45
005 20070802152750.32
010    @a7-300-06696-8@dCNY30.00
100    @a20070626e2005 em y0chiy0120 ea
101 0  @achi
102    @aCN@b110000
105    @ay z 000yy
200 1  @a国际投资学@AGuo Ji Tou Zi Xue@f任淮秀,汪昌云主编@FRen Huai Xiu, Wang Chang Yun Zhu Bian
205    @a2版
210    @a北京@c中国人民大学出版社@d1992
215    @a440页@d23cm
300    @a北京市高等教育精品教材立项项目经济管理类课程教材·投资系列
330    @a本书介绍了国际投资的产生与发展及国际投资理论,从国际资本市场和国际借贷来分析国际投资资本的来龙去脉,并分析了国际投资的基本形式、主要工具等。
606 0  @a对外投资
606 0  @a对外投资@x高等学校@j教材
690    @aF831.6@v4
701  0 @a任淮秀@ARen Huai Xiu@c(金融教授)@4主编
701  0 @a汪昌云@AWang Chang Yun@4主编
801  0 @aCN@bTAOJIN@c20070802
905    @a10447@dF831.6@e25=2
    
    国际投资学/任淮秀,汪昌云主编.-2版.-北京:中国人民大学出版社,1992
    440页;23cm
    北京市高等教育精品教材立项项目经济管理类课程教材·投资系列
    
    ISBN 7-300-06696-8:CNY30.00
    本书介绍了国际投资的产生与发展及国际投资理论,从国际资本市场和国际借贷来分析国际投资资本的来龙去脉,并分析了国际投资的基本形式、主要工具等。
●
相关链接 在E读中查询图书 在五车中查询图书 在当当中查询图书 在豆瓣中查询图书


正题名:国际投资学     索取号:F831.6/25=2         预约/预借

序号 登录号 条形码 馆藏地/架位号 状态 备注
1 0826313   208263136   第一样本阅览室/ [索取号:F831.6/25=2] 在馆    
2 0826314   208263145   第一借阅区/ [索取号:F831.6/25=2] 在馆    
3 0826315   208263154   密集书库/ [索取号:F831.6/25=2] 在馆    
4 0826316   208263163   密集书库/ [索取号:F831.6/25=2] 在馆    
5 0826317   208263172   第一借阅区/ [索取号:F831.6/25=2] 在馆    
6 0826318   208263181   第一借阅区/ [索取号:F831.6/25=2] 在馆    
7 0826319   208263190   密集书库/ [索取号:F831.6/25=2] 在馆    
8 0826320   208263207   第一借阅区/ [索取号:F831.6/25=2] 在馆    
唐山师范学院图书馆 欢迎您!
大连网信软件有限公司© 版权所有